000 01006cpcaa2200265 4500
001 mm 79000980
003 DLC
005 20260227111633.0
008 790413|||||||||||| eng
010 _amm 79000980
040 _aDLC
_cDLC
_edacs
_dDLC
072 7 _aC
_2lcmd
100 1 _aCushing, Thomas,
_d1725-1788.
245 0 0 _aThomas Cushing correspondence,
_f1775-1776.
300 _a3
_fitems.
506 0 _aOpen to research.
545 0 _aDelegate from Massachusetts to U.S. Continental Congress, Massachusetts public official, and businessman.
546 _aCollection material in English.
580 _aForms part of: Miscellaneous Manuscripts collection.
656 7 _aBusinessmen.
_2itoamc
656 7 _aDelegates, U.S. Continental Congress
_zMassachusetts.
_2itoamc
656 7 _aPublic officials
_zMassachusetts.
_2itoamc
999 _c40580
_d40580